[Event "Kleve- Leverkusen"]
[Site "?"]
[Date "2023.09.10"]
[Round "1.4"]
[White "Van Kuijk, Vadim"]
[Black "Boehm, Stefan"]
[Result "0-1"]
[WhiteElo "2111"]
[BlackElo "1998"]
[PlyCount "104"]
[EventDate "2023.??.??"]
[SourceVersionDate "2020.03.16"]

1. e4 c5 2. Nf3 a6 3. c4 Nc6 4. d4 cxd4 5. Nxd4 e5 6. Nf5 d5 7. cxd5 Bxf5 8. exf5 Nd4 9. Nc3 Nf6 10. Bg5 Be7 11. Bxf6 Bxf6 12. Bd3 O-O 13. O-O b5 14. Rc1 Rc8 15. Qg4 Kh8 16. Rce1 b4 17. Ne4 Qxd5 18. Re3 Qc6 19. Rh3 Qb6 20. Qh5 h6 21. g4 Be7 22. f6 Bxf6 23. g5 Be7 24. gxh6 Qg6+ 25. Ng3 Qxh5 26. hxg7+ Kxg7 27. Nxh5+ Kg8 28. Rg3+ Kh8 29. Kh1 Rc6 30. Nf6 Rxf6 31. Rh3+ Kg8 32. Rg1+ Rg6 33. Bxg6 fxg6 34. Rxg6+ Kf7 35. Rxa6 Rc8 36. Rh7+ Ke8 37. Rh8+ Bf8 38. h4 Kf7 39. Ra7+ Kf6 40. Rhh7 Rc1+ 41. Kg2 Bc5 42. Rac7 Rc2 43. Rh6+ Kf5 44. Rf7+ Ke4 45. Rg6 Ne2 46. h5 Nf4+ 47. Rxf4+ exf4 48. h6 Rxf2+ 49. Kh1 Bd4 50. h7 Rc2 51. b3 Rxa2 52. Rb6 Ra7 0-1

[Event "Kleve- Leverkusen"]
[Site "?"]
[Date "2023.09.10"]
[Round "1.5"]
[White "Lessing, Sebastian"]
[Black "Krebbers, Wilfried"]
[Result "1/2-1/2"]
[WhiteElo "1815"]
[BlackElo "2055"]
[PlyCount "60"]
[EventDate "2023.??.??"]
[SourceVersionDate "2020.03.16"]

1. Nc3 g6 2. e4 Bg7 3. d4 c5 4. d5 d6 5. Bd3 a6 6. a4 b6 7. Be3 e5 8. Qd2 Ne7 9. Bh6 O-O 10. h4 f5 11. h5 f4 12. Bxg7 Kxg7 13. hxg6 hxg6 14. Nf3 Rh8 15. O-O-O Bg4 16. Be2 Bxf3 17. Bxf3 b5 18. g3 g5 19. gxf4 gxf4 20. Rdg1+ Kf6 21. Bh5 Nd7 22. Ne2 Qf8 23. Qd3 Ng8 24. Rg6+ Ke7 25. Qh3 Ngf6 26. Qe6+ Kd8 27. Bf3 Rxh1+ 28. Bxh1 Kc7 29. Bf3 Re8 30. Qh3 Qh8 1/2-1/2

[Event "Kleve- Leverkusen"]
[Site "?"]
[Date "2023.09.10"]
[Round "1.6"]
[White "Verfuerth, Thomas"]
[Black "Tehrani, Mehrdad"]
[Result "0-1"]
[WhiteElo "2026"]
[BlackElo "1857"]
[PlyCount "90"]
[EventDate "2023.??.??"]
[SourceVersionDate "2020.03.16"]

1. c4 e5 2. Nc3 Nc6 3. e4 d6 4. g3 f5 5. d3 Nf6 6. Bg2 Be7 7. Nge2 O-O 8. Nd5 fxe4 9. dxe4 Bg4 10. h3 Be6 11. O-O Qd7 12. Kh2 Bd8 13. f4 a5 14. f5 Bf7 15. g4 Nxd5 16. cxd5 Nb4 17. Be3 Qb5 18. a3 Nd3 19. Nc3 Qc4 20. Qc2 Nc5 21. Rfd1 a4 22. Bf1 Qb3 23. Qf2 Ra5 24. Rd2 Be8 25. Be2 Be7 26. Rg1 b5 27. g5 b4 28. axb4 Qxb4 29. Na2 Qxe4 30. Bxc5 dxc5 31. f6 Bd6 32. Rg4 Qg6 33. Nc3 Bd7 34. Rg1 Kh8 35. fxg7+ Kxg7 36. Qe3 e4+ 37. Kh1 Bf4 38. Qxe4 Bxd2 39. Qe5+ Kg8 40. Ne4 Be3 41. Bd3 Bd4 42. Qxc7 Bf5 43. Rg4 Raa8 44. Nf6+ Kh8 45. Bxf5 Qxf5 0-1

[Event "Kleve- Leverkusen"]
[Site "?"]
[Date "2023.09.10"]
[Round "1.7"]
[White "Eßer, Julian"]
[Black "Brandt, Thorsten"]
[Result "1/2-1/2"]
[WhiteElo "1717"]
[BlackElo "1906"]
[PlyCount "112"]
[EventDate "2023.??.??"]
[SourceVersionDate "2020.03.16"]

1. e4 e6 2. d4 d5 3. exd5 exd5 4. Bd3 Bd6 5. Ne2 Qh4 6. Nbc3 c6 7. Be3 Ne7 8. Qd2 h6 9. Bf4 Bxf4 10. Qxf4 Qxf4 11. Nxf4 Bf5 12. O-O-O Bxd3 13. Nxd3 Nd7 14. Rhe1 f6 15. Re2 Kf7 16. Rde1 Rhe8 17. Nd1 g5 18. Ne3 Nf8 19. Ng4 Ng8 20. Nc5 Rxe2 21. Rxe2 b6 22. Nd3 Ne6 23. c3 h5 24. Ne3 Ne7 25. Kd2 Rg8 26. g3 g4 27. Ng2 Ng5 28. Nh4 Ng6 29. Nxg6 Rxg6 30. Nb4 Nf3+ 31. Kd1 f5 32. Nd3 h4 33. Ne5+ Nxe5 34. Rxe5 Kf6 35. Re8 hxg3 36. hxg3 Kg5 37. Re7 a5 38. a4 Rh6 39. Rb7 f4 40. gxf4+ Kxf4 41. Rf7+ Ke4 42. Ke2 Rh2 43. Re7+ Kf4 44. Rf7+ Ke4 45. Re7+ Kf5 46. Ke3 Rh3+ 47. Ke2 Rh2 48. Ke3 g3 49. fxg3 Rxb2 50. Rc7 b5 51. Rxc6 b4 52. Rc5 Ke6 53. Rxa5 bxc3 54. Rc5 Rb3 55. Kd3 c2+ 56. Kxc2 Rxg3 1/2-1/2

[Event "Kleve- Leverkusen"]
[Site "?"]
[Date "2023.09.10"]
[Round "1.8"]
[White "Pelgrom, Vincent"]
[Black "Henseler, Klaus"]
[Result "1/2-1/2"]
[WhiteElo "1972"]
[BlackElo "1901"]
[PlyCount "146"]
[EventDate "2023.??.??"]
[SourceVersionDate "2020.03.16"]

1. e4 c5 2. Nf3 d6 3. Bb5+ Bd7 4. Bxd7+ Qxd7 5. O-O Nc6 6. c3 Nf6 7. Re1 g6 8. d4 cxd4 9. cxd4 Bg7 10. Nc3 O-O 11. h3 Rad8 12. d5 Ne5 13. Nd4 Qc7 14. Ncb5 Qb8 15. b3 a6 16. Nc3 Rc8 17. Bb2 Ned7 18. Qd2 Qa7 19. Rad1 Nb8 20. a4 Nbd7 21. a5 Rfd8 22. Kh1 Qb8 23. f3 Nf8 24. Nb1 N6d7 25. Na3 Ne5 26. f4 Ned7 27. b4 Bh6 28. Qf2 Bg7 29. g3 Qa7 30. Kg2 Qb8 31. Qe2 Nf6 32. Nc4 N6d7 33. Ne3 Nf6 34. Qd3 e5 35. fxe5 dxe5 36. Nf3 Ne8 37. Rc1 f6 38. Nd2 Nd6 39. Rxc8 Rxc8 40. Ndc4 Nd7 41. Nxd6 Qxd6 42. Qb3 b5 43. axb6 Nxb6 44. b5 axb5 45. Qxb5 Bf8 46. Ba3 Qxa3 47. Qxb6 Bd6 48. Qb5 Rb8 49. Qf1 Rb2+ 50. Re2 Rxe2+ 51. Qxe2 Qb4 52. Qg4 Bc5 53. Qe6+ Kg7 54. Qd7+ Be7 55. Kf3 Qd6 56. Qxd6 Bxd6 57. g4 Kf7 58. h4 Bb4 59. Nc4 Be1 60. h5 Bb4 61. hxg6+ hxg6 62. g5 Bc5 63. Kg4 Be7 64. gxf6 Bxf6 65. Nd2 Ke7 66. Nf3 Kd7 67. Nh4 Bxh4 68. Kxh4 Ke7 69. Kg5 Kf7 70. d6 Ke6 71. Kxg6 Kxd6 72. Kf5 Kd7 73. Kxe5 Ke7 1/2-1/2

[Event "Rheinhausen- KKS 2"]
[Site "?"]
[Date "2023.09.10"]
[Round "1.1"]
[White "Bonnmann, Reinhard"]
[Black "Heinert, Eugen"]
[Result "1/2-1/2"]
[WhiteElo "2257"]
[BlackElo "2121"]
[PlyCount "163"]
[EventDate "2023.??.??"]
[SourceVersionDate "2020.03.16"]

1. d4 d5 2. c4 c6 3. Nf3 Nf6 4. e3 Bg4 5. h3 Bh5 6. Nbd2 e6 7. Bd3 Nbd7 8. Qc2 Bd6 9. O-O O-O 10. g4 Bg6 11. Bxg6 hxg6 12. e4 Nxe4 13. Nxe4 dxe4 14. Qxe4 c5 15. Rd1 Qc7 16. Be3 Rad8 17. Rac1 Rfe8 18. g5 cxd4 19. Nxd4 a6 20. a3 Nc5 21. Qg4 e5 22. Ne2 e4 23. Nf4 Bxf4 24. Bxf4 Qc6 25. Rxd8 Rxd8 26. Rd1 Rxd1+ 27. Qxd1 Nd3 28. Be3 Qxc4 29. b3 Qc3 30. Qg4 Qc6 31. h4 Ne5 32. Qf4 Nf3+ 33. Kg2 Qe6 34. Kg3 Kh7 35. a4 Qe8 36. Qg4 Qe5+ 37. Qf4 Qd5 38. b4 Qc4 39. b5 axb5 40. axb5 Qxb5 41. Qxe4 Ne5 42. Qd4 Nc6 43. Qd7 Qe5+ 44. Bf4 Qe7 45. Qd3 Qe6 46. Qb5 Qc8 47. Qb6 Ne7 48. Kh2 Nd5 49. Qd4 Nxf4 50. Qxf4 Qf5 51. Qd4 b5 52. Kg3 Qb1 53. Qd5 b4 54. Qxf7 b3 55. h5 Qd3+ 56. f3 Qd6+ 57. Kh3 b2 58. h6 Qe5 59. Qb7 Kg8 60. f4 Qe3+ 61. Kg2 Qd2+ 62. Kg3 Qc3+ 63. Kg4 gxh6 64. gxh6 Qf6 65. Kg3 g5 66. f5 Qe5+ 67. Kg4 Qf6 68. Kg3 Qd6+ 69. Kg4 Qd1+ 70. Kg3 Qg1+ 71. Kh3 Qe3+ 72. Kg4 Qe2+ 73. Kg3 Qe5+ 74. Kg4 Qd4+ 75. Kh5 Qd1+ 76. Kg6 Qd6+ 77. Kh5 Qf6 78. Kg4 Qxh6 79. Qb8+ Kh7 80. Qb7+ Qg7 81. Qh1+ Qh6 82. Qb7+ 1/2-1/2

[Event "Rheinhausen- KKS 2"]
[Site "?"]
[Date "2023.09.10"]
[Round "1.2"]
[White "Feldhaus, Sebastian"]
[Black "Wisskirchen, Andreas"]
[Result "0-1"]
[WhiteElo "2091"]
[BlackElo "2204"]
[PlyCount "104"]
[EventDate "2023.??.??"]
[SourceVersionDate "2020.03.16"]

1. d4 Nf6 2. c4 g6 3. Nc3 Bg7 4. Bg5 d6 5. Qd2 Nbd7 6. e4 c6 7. Bd3 h6 8. Bh4 O-O 9. Nge2 a6 10. a4 e5 11. d5 c5 12. f3 Qe8 13. O-O Nh5 14. Bf2 f5 15. a5 f4 16. b4 cxb4 17. Na4 g5 18. Qxb4 Rf6 19. Rfc1 Bf8 20. h3 Ng7 21. Nb6 Nxb6 22. axb6 h5 23. c5 dxc5 24. Bxc5 Bxc5+ 25. Rxc5 g4 26. Kf2 gxh3 27. gxh3 Rg6 28. Rh1 Qd8 29. Ke1 Qh4+ 30. Kd2 Qf2 31. Qc3 Bd7 32. Rc7 Qxf3 33. Re1 Qe3+ 34. Kc2 Ba4+ 35. Kb2 f3 36. d6 Qxb6+ 37. Ka3 Bb5 38. d7 Qd6+ 39. Kb2 Bxd7 40. Nc1 f2 41. Rd1 Be6 42. Rxb7 Rg1 43. Rf1 Rc8 44. Qb4 Qxb4+ 45. Rxb4 Bxh3 46. Rxf2 Rcxc1 47. Bc2 Be6 48. Rb8+ Kh7 49. Rb6 Ra1 50. Kc3 Ra2 51. Kd3 Rg3+ 52. Kd2 Bb3 0-1

[Event "Rheinhausen- KKS 2"]
[Site "?"]
[Date "2023.09.10"]
[Round "1.3"]
[White "Schwibbert, Jonas"]
[Black "Heinert, Alex"]
[Result "1-0"]
[WhiteElo "2086"]
[BlackElo "2098"]
[PlyCount "87"]
[EventDate "2023.??.??"]
[SourceVersionDate "2020.03.16"]

1. e4 e5 2. Nf3 Nf6 3. Nxe5 d6 4. Nf3 Nxe4 5. d4 d5 6. Bd3 Be7 7. O-O Nc6 8. Re1 Bf5 9. c3 O-O 10. Qc2 Bg6 11. Nbd2 Nxd2 12. Bxd2 Re8 13. Bf4 Qd7 14. Bxg6 hxg6 15. Rad1 Bd6 16. Be5 Rad8 17. Qb3 b6 18. Qxd5 Bxe5 19. Qxd7 Rxd7 20. dxe5 Rxd1 21. Rxd1 Nxe5 22. Nxe5 Rxe5 23. Rd8+ Kh7 24. Kf1 Re7 25. b4 b5 26. Rb8 c6 27. Rc8 a5 28. Rxc6 axb4 29. cxb4 Ra7 30. Rc2 Ra4 31. Rb2 g5 32. Ke2 Kg6 33. Kd3 Ra7 34. Kd4 Rc7 35. Kd5 g4 36. a4 bxa4 37. b5 a3 38. Ra2 Rc3 39. b6 Rb3 40. Kc6 Rb2 41. Rxa3 Rxf2 42. b7 Rc2+ 43. Kb6 Rxg2 44. Rb3 1-0

[Event "Rheinhausen- KKS 2"]
[Site "?"]
[Date "2023.09.10"]
[Round "1.4"]
[White "Sobeck, Oscar"]
[Black "Maric, Boris"]
[Result "0-1"]
[WhiteElo "1823"]
[BlackElo "2065"]
[PlyCount "76"]
[EventDate "2023.??.??"]
[SourceVersionDate "2020.03.16"]

1. Nf3 b6 2. g3 Bb7 3. Bg2 Nf6 4. O-O e6 5. c4 Be7 6. Nc3 O-O 7. d4 Ne4 8. Qc2 Nxc3 9. Qxc3 d6 10. b3 Nd7 11. Bb2 Qe8 12. Rae1 f5 13. d5 e5 14. e4 f4 15. Bh3 Nc5 16. Bc1 Qh5 17. Kg2 g5 18. g4 Qg6 19. Nd2 a5 20. a3 c6 21. b4 axb4 22. axb4 Nd7 23. Kg1 Nf6 24. f3 Kg7 25. Rf2 Rfc8 26. Qb3 b5 27. Bf1 Bd8 28. Kh1 h5 29. h3 Bb6 30. Rfe2 Rh8 31. Kg2 Qh6 32. dxc6 Bxc6 33. c5 hxg4 34. fxg4 dxc5 35. bxc5 Bxc5 36. Kf3 Qh4 37. Kg2 Nxg4 38. Nf3 Qxh3# 0-1

[Event "Rheinhausen- KKS 2"]
[Site "?"]
[Date "2023.09.10"]
[Round "1.5"]
[White "Strehse, Nelson"]
[Black "Jentzsch, David"]
[Result "1-0"]
[WhiteElo "1819"]
[BlackElo "1922"]
[PlyCount "79"]
[EventDate "2023.??.??"]
[SourceVersionDate "2020.03.16"]

1. e4 e5 2. Nf3 Nc6 3. Bc4 Bc5 4. c3 Nf6 5. d4 exd4 6. e5 d5 7. Bb5 Ne4 8. cxd4 Bb6 9. Nc3 O-O 10. Be3 Bg4 11. h3 Bh5 12. Qc2 Nxc3 13. Bxc6 bxc6 14. Qxc3 Bxf3 15. gxf3 Qd7 16. O-O-O f6 17. f4 f5 18. Rdg1 Rad8 19. Qc2 a5 20. Kb1 Qe6 21. Rc1 Qh6 22. Qa4 Qh5 23. Qxc6 Qf3 24. Rhg1 Rf7 25. Ka1 Qe4 26. Rcd1 Qf3 27. h4 Kh8 28. Qe6 Rdf8 29. h5 Qxh5 30. Qxd5 a4 31. f3 Qh2 32. Rd2 Qh3 33. a3 h6 34. Rdg2 Kh7 35. Ka2 Re7 36. Bd2 Rff7 37. Bb4 Rd7 38. e6 Rxd5 39. exf7 Rd8 40. Rxg7+ 1-0

[Event "Rheinhausen- KKS 2"]
[Site "?"]
[Date "2023.09.10"]
[Round "1.6"]
[White "Emelyanov, Anatolij"]
[Black "Pfaar, Zeno"]
[Result "0-1"]
[WhiteElo "1839"]
[BlackElo "1957"]
[PlyCount "44"]
[EventDate "2023.??.??"]
[SourceVersionDate "2020.03.16"]

1. e4 c5 2. Nf3 Nc6 3. d4 cxd4 4. Nxd4 Nf6 5. Nc3 e5 6. Ndb5 d6 7. Bg5 a6 8. Na3 b5 9. Nd5 Be7 10. Bxf6 Bxf6 11. c3 O-O 12. Nc2 Rb8 13. Bd3 Bg5 14. h4 Bh6 15. g4 Bf4 16. Qf3 a5 17. a3 Be6 18. Nxf4 exf4 19. Qxf4 b4 20. axb4 axb4 21. Nd4 Ne5 22. Bb5 Rxb5 0-1

[Event "Rheinhausen- KKS 2"]
[Site "?"]
[Date "2023.09.10"]
[Round "1.7"]
[White "Goldenstein, Arnd"]
[Black "Seifert, Hendrik"]
[Result "0-1"]
[WhiteElo "1895"]
[BlackElo "1560"]
[PlyCount "80"]
[EventDate "2023.??.??"]
[SourceVersionDate "2020.03.16"]

1. d4 d5 2. c4 e6 3. Nc3 a6 4. cxd5 exd5 5. Nf3 Nf6 6. Bg5 Be7 7. e3 O-O 8. Qc2 h6 9. Bh4 c6 10. Bd3 Be6 11. O-O Nbd7 12. Rfe1 Re8 13. h3 Qc7 14. Rac1 Rac8 15. b3 Ba3 16. Rcd1 c5 17. Nb1 Bb4 18. Rf1 c4 19. bxc4 dxc4 20. Be2 Bd5 21. Nc3 Bxc3 22. Qxc3 Ne4 23. Qc2 g5 24. Bxg5 Nxg5 25. Nxg5 hxg5 26. Qf5 Be4 27. Qxg5+ Bg6 28. h4 Kh8 29. Qh6+ Bh7 30. Bg4 Rg8 31. Bf5 Rg7 32. d5 Rcg8 33. d6 Qc6 34. f3 Rxg2+ 35. Kh1 R2g7 36. e4 c3 37. Rg1 c2 38. Bxh7 Rxg1+ 39. Kh2 R8g2+ 40. Kh3 Rg3+ 0-1

[Event "Leverkusen- Dormagen"]
[Site "?"]
[Date "2023.10.22"]
[Round "2.1"]
[White "Harff, Marcel"]
[Black "Esser, Michael"]
[Result "1-0"]
[WhiteElo "2295"]
[BlackElo "2034"]
[PlyCount "69"]
[EventDate "2023.??.??"]
[SourceVersionDate "2020.03.16"]

1. c4 Nf6 2. Nc3 e6 3. Nf3 d5 4. e3 c6 5. b3 Nbd7 6. Bb2 Bd6 7. Qc2 Qe7 8. Be2 a6 9. d4 e5 10. cxd5 cxd5 11. dxe5 Nxe5 12. O-O O-O 13. Rac1 Be6 14. Nd4 Rad8 15. Rfd1 Bb8 16. h3 Qd6 17. f4 Ng6 18. Bd3 Bc8 19. Qf2 Rfe8 20. Nce2 Ba7 21. Ng3 Ne4 22. Bxe4 dxe4 23. Kh2 Qb8 24. Qc2 Bd7 25. Qc3 f6 26. Qc4+ Kh8 27. Nh5 Bb5 28. Qc7 Bd7 29. Nxg7 Re7 30. Ndf5 Rf7 31. Ne6 Rc8 32. Rxd7 Rxc7 33. Rcxc7 Rxd7 34. Bxf6+ Kg8 35. Nh6# 1-0

[Event "Leverkusen- Dormagen"]
[Site "?"]
[Date "2023.10.22"]
[Round "2.3"]
[White "Coenen, Michael"]
[Black "Claßen, Harald"]
[Result "1-0"]
[WhiteElo "2326"]
[BlackElo "1948"]
[PlyCount "45"]
[EventDate "2023.??.??"]
[SourceVersionDate "2020.03.16"]

1. Nf3 Nf6 2. d4 d5 3. c4 dxc4 4. e3 Bg4 5. Bxc4 e6 6. Qb3 Bxf3 7. gxf3 c5 8. Qxb7 Nbd7 9. Nc3 cxd4 10. exd4 Rb8 11. Qa6 Rb6 12. Qxa7 Bd6 13. Rg1 Bxh2 14. Rxg7 Bb8 15. Qa5 Bd6 16. Bb5 Qb8 17. Be3 Kf8 18. Rg2 Rb7 19. Bxd7 Nxd7 20. Qh5 Ke8 21. Kf1 Qd8 22. Rg7 Qf6 23. Ne4 1-0

[Event "Leverkusen- Dormagen"]
[Site "?"]
[Date "2023.10.22"]
[Round "2.4"]
[White "Boehm, Stefan"]
[Black "Litwak, Aleksej"]
[Result "1/2-1/2"]
[WhiteElo "2011"]
[BlackElo "2288"]
[PlyCount "71"]
[EventDate "2023.??.??"]
[SourceVersionDate "2020.03.16"]

1. d4 Nf6 2. c4 e6 3. Nc3 Bb4 4. Qc2 c5 5. dxc5 O-O 6. e3 Bxc5 7. Nf3 b6 8. Be2 Bb7 9. O-O Be7 10. Rd1 d6 11. b3 a6 12. Ba3 Qc7 13. Rac1 Nbd7 14. Nd4 Rac8 15. Bf3 Bxf3 16. Nxf3 Rfd8 17. Qe2 Bf8 18. h3 Qb8 19. Ne1 Nc5 20. Nd3 Nxd3 21. Rxd3 b5 22. cxb5 axb5 23. Rd4 e5 24. Rb4 Rxc3 25. Rxc3 Nd5 26. Rc1 Nxb4 27. Bxb4 d5 28. Bxf8 Kxf8 29. Rc5 d4 30. exd4 exd4 31. Rxb5 Qf4 32. Qd3 Qc1+ 33. Kh2 Qf4+ 34. Kg1 Qc1+ 35. Kh2 Qf4+ 36. Kg1 1/2-1/2

[Event "Leverkusen- Dormagen"]
[Site "?"]
[Date "2023.10.22"]
[Round "2.5"]
[White "Wimmer, Juergen"]
[Black "Lessing, Sebastian"]
[Result "1-0"]
[WhiteElo "2216"]
[BlackElo "1827"]
[PlyCount "69"]
[EventDate "2023.??.??"]
[SourceVersionDate "2020.03.16"]

1. d4 d5 2. Nf3 Nf6 3. g3 Bf5 4. Bg2 e6 5. c4 c6 6. Nc3 Bd6 7. Qb3 Qb6 8. c5 Qxb3 9. axb3 Bc7 10. b4 Nbd7 11. b5 O-O 12. bxc6 bxc6 13. Ra6 Nb8 14. Ra2 Nbd7 15. O-O a5 16. Bf4 Bxf4 17. gxf4 Rfb8 18. Rc1 Rb4 19. e3 Bd3 20. Bf1 Bxf1 21. Kxf1 h6 22. Ke2 Ne4 23. Nd1 f6 24. Ne1 f5 25. f3 Nef6 26. Nd3 Rb7 27. Rca1 Rba7 28. Nc3 Kf7 29. b4 a4 30. Rxa4 Rxa4 31. Rxa4 Rc8 32. Ra7 g5 33. b5 Ke8 34. bxc6 Rxc6 35. Nb5 1-0

[Event "Leverkusen- Dormagen"]
[Site "?"]
[Date "2023.10.22"]
[Round "2.6"]
[White "Mazaheri Tehrani, Mehrdad"]
[Black "Juegel, Marcel"]
[Result "0-1"]
[WhiteElo "1886"]
[BlackElo "2148"]
[PlyCount "44"]
[EventDate "2023.??.??"]
[SourceVersionDate "2020.03.16"]

1. e4 e6 2. d4 d5 3. Nc3 Nf6 4. e5 Nfd7 5. Nf3 Be7 6. h4 h6 7. Be3 a6 8. Qd2 c5 9. O-O-O c4 10. Nb1 b5 11. a3 a5 12. b3 Nb6 13. g4 Qc7 14. b4 axb4 15. axb4 Ra2 16. Qe1 Qa7 17. c3 Ra1 18. Rd2 Qa3+ 19. Rb2 Na4 20. Qd2 Nxc3 21. Kc2 Nxb1 22. Qe1 Qa4+ 0-1

[Event "Leverkusen- Dormagen"]
[Site "?"]
[Date "2023.10.22"]
[Round "2.7"]
[White "Bouaraba, Max"]
[Black "Henseler, Klaus"]
[Result "1-0"]
[WhiteElo "2151"]
[BlackElo "1903"]
[PlyCount "69"]
[EventDate "2023.??.??"]
[SourceVersionDate "2020.03.16"]

1. d4 Nf6 2. Bf4 g6 3. e3 d6 4. h3 Bg7 5. c4 c5 6. Nc3 cxd4 7. exd4 O-O 8. Nf3 Qa5 9. Qd2 Re8 10. Be2 Nc6 11. d5 Nb8 12. O-O Na6 13. a3 Qd8 14. b4 Nc7 15. Rac1 Bf5 16. Nd4 Bd7 17. Bf3 a6 18. c5 dxc5 19. bxc5 Bc8 20. d6 e5 21. dxc7 Qxc7 22. Bg3 Qxc5 23. Ncb5 Qf8 24. Nc7 Bh6 25. Qa5 Bxc1 26. Rxc1 Nd7 27. Nxa8 exd4 28. Nc7 b6 29. Qb4 Rd8 30. Qxd4 Nc5 31. Nd5 Nb3 32. Nf6+ Kh8 33. Qh4 h5 34. Be5 Qxa3 35. Nxh5+ 1-0

[Event "Leverkusen- Dormagen"]
[Site "?"]
[Date "2023.10.22"]
[Round "2.8"]
[White "Petrovic, Julijan"]
[Black "Block, Wolfgang"]
[Result "0-1"]
[WhiteElo "1692"]
[BlackElo "2091"]
[PlyCount "116"]
[EventDate "2023.??.??"]
[SourceVersionDate "2020.03.16"]

1. d4 Nf6 2. Bf4 d5 3. Nf3 e6 4. e3 Be7 5. Bd3 O-O 6. h3 c5 7. c3 b6 8. Qe2 Bb7 9. Nbd2 Nbd7 10. Ne5 Re8 11. Rd1 a6 12. Ndf3 cxd4 13. exd4 Ne4 14. O-O Nf8 15. Nd2 Nxd2 16. Rxd2 f6 17. Nf3 Bd6 18. Bxd6 Qxd6 19. Re1 b5 20. a3 Bc6 21. b4 Reb8 22. Ra2 a5 23. Rea1 Be8 24. Bc2 Rc8 25. Qd2 Qc7 26. Rc1 Ra6 27. Ne1 Kh8 28. Bb1 Rc6 29. Nd3 Rxc3 30. Rxc3 Qxc3 31. bxa5 Qxd2 32. Rxd2 Bg6 33. Rc2 Ra8 34. Rc1 Rxa5 35. Rc8 Kg8 36. Nc5 Bxb1 37. Nxe6 Kf7 38. Nxf8 Bf5 39. Rb8 Rxa3 40. g4 Be4 41. Nd7 Rxh3 42. Kf1 Rd3 43. g5 Rxd4 44. gxf6 gxf6 45. Rb7 Ke6 46. Nc5+ Kd6 47. Nxe4+ Rxe4 48. Rxb5 Re7 49. Rb6+ Ke5 50. Ke2 h5 51. Kf3 Rh7 52. Ke3 h4 53. f4+ Kf5 54. Rd6 h3 55. Rxd5+ Kg4 56. Rd1 h2 57. Rh1 Kg3 58. Ke4 Rh5 0-1

[Event "KKS 2- Ratingen"]
[Site "?"]
[Date "2023.10.22"]
[Round "2.1"]
[White "Skoerys, Fabian"]
[Black "Schmidt, Martin"]
[Result "1/2-1/2"]
[WhiteElo "1957"]
[BlackElo "2235"]
[PlyCount "120"]
[EventDate "2023.??.??"]
[SourceVersionDate "2020.03.16"]

1. Nf3 d5 2. e3 Nc6 3. d4 Bf5 4. c4 e6 5. a3 Nf6 6. Nc3 Be7 7. Be2 Ne4 8. Nd2 Nxc3 9. bxc3 O-O 10. cxd5 exd5 11. c4 dxc4 12. Nxc4 b5 13. Bf3 bxc4 14. Bxc6 Rb8 15. O-O Bd3 16. Re1 Rb6 17. Ba4 Qd5 18. Bc2 Bxc2 19. Qxc2 Rfb8 20. Ra2 Rb3 21. Rd1 c3 22. e4 Qa5 23. Rd3 Bxa3 24. g3 Rb1 25. Kg2 R1b3 26. Rxa3 Rxa3 27. Bxa3 Qxa3 28. Rxc3 Qb4 29. Rxc7 g6 30. Qc4 Qxc4 31. Rxc4 a5 32. Ra4 Rb4 33. Rxa5 Rxd4 34. Kf3 Kg7 35. Ra6 Rd3+ 36. Ke2 Rb3 37. h3 h5 38. Rd6 h4 39. Rd3 Rb4 40. Kf3 hxg3 41. fxg3 Kf6 42. h4 Ke5 43. Rd5+ Ke6 44. g4 f6 45. Ra5 Rb3+ 46. Kf4 Rh3 47. e5 fxe5+ 48. Rxe5+ Kf6 49. Ra5 g5+ 50. hxg5+ Kg6 51. Ra6+ Kg7 52. g6 Rb3 53. Kg5 Rb5+ 54. Kh4 Rb1 55. Kh5 Rb5+ 56. g5 Rb1 57. Ra7+ Kg8 58. g7 Rb6 59. g6 Rxg6 60. Ra8+ Kh7 1/2-1/2

[Event "KKS 2- Ratingen"]
[Site "?"]
[Date "2023.10.22"]
[Round "2.2"]
[White "Bonnmann, Reinhard"]
[Black "Probst, Andreas"]
[Result "1-0"]
[WhiteElo "2253"]
[BlackElo "2053"]
[PlyCount "107"]
[EventDate "2023.??.??"]
[SourceVersionDate "2020.03.16"]

1. d4 Nf6 2. Nf3 g6 3. c4 Bg7 4. Nc3 d6 5. e4 O-O 6. Be2 e5 7. Be3 Ng4 8. Bg5 f6 9. Bc1 f5 10. Bg5 Qe8 11. dxe5 dxe5 12. h3 Nf6 13. O-O Nc6 14. Nd5 Nxd5 15. cxd5 Nd4 16. Nxd4 exd4 17. exf5 Bxf5 18. Rc1 Qd7 19. Qb3 Kh8 20. Bf4 c6 21. dxc6 bxc6 22. Qg3 Rfe8 23. Bd3 Rac8 24. Rc5 Bxd3 25. Qxd3 Qe7 26. Rfc1 Qe4 27. Qxe4 Rxe4 28. g3 Re6 29. b4 Bf8 30. R5c4 Rd8 31. Kf1 a5 32. bxa5 c5 33. Re1 Rc6 34. Rb1 Bd6 35. Bg5 Ra8 36. Bd2 Kg8 37. Ke2 Bc7 38. Rb5 Re6+ 39. Kd3 Bd6 40. Rb6 Kf7 41. Rc1 Rf6 42. f4 Rc8 43. Kc4 Ke6 44. Rb7 Bc7 45. Kb5 c4 46. Rxc4 Rf5+ 47. Ka4 Kd7 48. a6 Rf6 49. Ba5 Rxa6 50. Rcxc7+ Rxc7 51. Rxc7+ Kd6 52. Kb5 Rxa5+ 53. Kxa5 Kxc7 54. Kb4 1-0

[Event "KKS 2- Ratingen"]
[Site "?"]
[Date "2023.10.22"]
[Round "2.3"]
[White "Kaspar, Uwe"]
[Black "Raasch, Joerg"]
[Result "1/2-1/2"]
[WhiteElo "1918"]
[BlackElo "2290"]
[PlyCount "26"]
[EventDate "2023.??.??"]
[SourceVersionDate "2020.03.16"]

1. Nf3 d5 2. g3 g6 3. Bg2 Bg7 4. O-O e5 5. d3 Nc6 6. c4 Nf6 7. cxd5 Nxd5 8. Nc3 Nb6 9. Bg5 f6 10. Bd2 Be6 11. Qc1 O-O 12. Bh6 Qe7 13. Bxg7 Kxg7 1/2-1/2

[Event "KKS 2- Ratingen"]
[Site "?"]
[Date "2023.10.22"]
[Round "2.4"]
[White "Schwibbert, Jonas"]
[Black "Gatterer, Matthias"]
[Result "1-0"]
[WhiteElo "2096"]
[BlackElo "2020"]
[PlyCount "79"]
[EventDate "2023.??.??"]
[SourceVersionDate "2020.03.16"]

1. e4 e6 2. d4 d5 3. Nd2 c5 4. c3 cxd4 5. cxd4 Nc6 6. Ngf3 dxe4 7. Nxe4 Bb4+ 8. Bd2 Bxd2+ 9. Qxd2 Nf6 10. Bd3 O-O 11. Rc1 Qe7 12. O-O Rd8 13. Rfd1 Bd7 14. Qf4 Be8 15. a3 Rac8 16. Bb1 Rd7 17. Ne5 Rdd8 18. Nxf6+ Qxf6 19. Qe4 g6 20. h4 h5 21. Nf3 Rd5 22. Ba2 Rd6 23. b4 a6 24. d5 Rcd8 25. Bb3 exd5 26. Rxd5 Rxd5 27. Bxd5 Qd6 28. Rd1 Kg7 29. Bb3 Qe7 30. Qxe7 Rxd1+ 31. Bxd1 Nxe7 32. Nd4 Nc6 33. Nxc6 Bxc6 34. f4 b6 35. Kf2 Kf6 36. Bb3 Ke7 37. g3 Be4 38. Ke3 Bf5 39. Bc4 Bc8 40. Kd4 {ZÜ} 1-0

[Event "KKS 2- Ratingen"]
[Site "?"]
[Date "2023.10.22"]
[Round "2.6"]
[White "Pfaar, Zeno"]
[Black "Liedtke, Dirk"]
[Result "1-0"]
[WhiteElo "1971"]
[BlackElo "2105"]
[PlyCount "121"]
[EventDate "2023.??.??"]
[SourceVersionDate "2020.03.16"]

1. e4 e6 2. d4 d5 3. Nd2 Be7 4. Ngf3 Nf6 5. e5 Nfd7 6. Bd3 c5 7. c3 b6 8. Qe2 a5 9. a4 Nc6 10. Nb1 cxd4 11. cxd4 Nb4 12. Bb5 Ba6 13. Nc3 Bxb5 14. Nxb5 Rc8 15. Nc3 Qc7 16. Be3 Qc4 17. Qxc4 Rxc4 18. Kd2 Na6 19. Nb5 O-O 20. Rhc1 Rb4 21. Kc2 Rc8+ 22. Kb1 Rxc1+ 23. Kxc1 Rc4+ 24. Kd2 f6 25. b3 Rc8 26. Rc1 Bb4+ 27. Kd1 Rxc1+ 28. Kxc1 Kf7 29. h4 Kg6 30. Bf4 Kf5 31. Bg3 Ke4 32. Kc2 Be7 33. exf6 gxf6 34. Nd6+ Bxd6 35. Bxd6 Nb4+ 36. Kc3 Nc6 37. Nd2+ Kf5 38. Bg3 Kg4 39. Nf1 f5 40. Nh2+ Kh5 41. Nf3 Kg4 42. Nh2+ Kh5 43. Nf3 Nf6 44. Nd2 Kg4 45. Bc7 Nd7 46. Nf3 h6 47. Kd3 f4 48. Ke2 Kf5 49. Kd3 Ne7 50. Ne5 Nxe5+ 51. Bxe5 Ng6 52. Bc7 Nxh4 53. g3 fxg3 54. fxg3 Nf3 55. Bxb6 e5 56. dxe5 Nxe5+ 57. Kd4 Ke6 58. Bc7 Nc6+ 59. Kc5 Kd7 60. Bf4 h5 61. Kxd5 1-0